Капитан Тушин из "Войны и мира" в романе и в жизни (Запись № 356387)

Подробности
000 -МАРКЕР
контрольное поле 01910nam0a2200349 4500
001 - ИДЕНТИФИКАТОР ЗАПИСИ
контрольное поле RU\NLR\bibl\66716
005 - ИДЕНТИФИКАТОР ВЕРСИИ
контрольное поле 20250616093546.0
010 ## - МЕЖДУНАРОДНЫЙ СТАНДАРТНЫЙ НОМЕР КНИГИ (ISBN)
Номер (ISBN) 5-86923-010-1
Тираж 500
021 ## - НОМЕР ГОСУДАРСТВЕННОЙ РЕГИСТРАЦИИ
Код страны Российская Федерация
Номер 1999-43189
Номер Листа государственной регистраци 2123
035 ## - ДРУГИЕ СИСТЕМНЫЕ НОМЕРА
Идентификатор записи (NLR Aleph) 000065084
100 ## - ДАННЫЕ ОБЩЕЙ ОБРАБОТКИ
Данные общей обработки 20000121d1999 |||y0rusy50 ca
101 0# - ЯЗЫК РЕСУРСА
Язык текста, звукозаписи и т.д. русский
102 ## - СТРАНА ПУБЛИКАЦИИ ИЛИ ПРОИЗВОДСТВА
Страна публикации Российская Федерация
105 ## - ПОЛЕ КОДИРОВАННЫХ ДАННЫХ: ТЕКСТОВЫЕ МАТЕРИАЛЫ, МОНОГРАФИЧЕСКИЕ
Кодированные данные о монографическом текстовом документе a |||||||||
200 1# - ЗАГЛАВИЕ И СВЕДЕНИЯ ОБ ОТВЕТСТВЕННОСТИ
Основное заглавие Капитан Тушин из "Войны и мира" в романе и в жизни
Сведения, относящиеся к заглавию Находка свидетельств о встрече Л.Н. Толстого с 78-летним артиллерийс. штаб-капитаном, получившим под Аустерлицем 14 сабел. ран на пушках
Первые сведения об ответственности В.Л. Кучин
210 ## - ПУБЛИКАЦИЯ, РАСПРОСТРАНЕНИЕ И ДР.
Место издания, распространения и т.д. М.
Имя издателя, распространителя и т. д. Истек
Дата издания, распространения и т.д. 1999
215 ## - ФИЗИЧЕСКАЯ ХАРАКТЕРИСТИКА
Специфическое обозначение материала и объем 124, [2] c.
Другие сведения о физической характеристике ил.
Размеры 200
300 ## - ОБЩИЕ ПРИМЕЧАНИЯ
Текст примечания К 200-летию наполеон. войн России
320 ## - ПРИМЕЧАНИЯ О НАЛИЧИИ В ДОКУМЕНТЕ БИБЛИОГРАФИИ / УКАЗАТЕЛЯ
Текст примечания Библиогр. в примеч.: с. 121-124 и в конце кн.
604 ## - ИМЯ И ЗАГЛАВИЕ КАК ПРЕДМЕТ
Связываемые данные 700#1$aТолстой$bЛ. Н.$f1828-1910$gЛев Николаевич$4070
-- 50010$aВойна и мир$2psbo
Имя лица Толстой, Лев Николаевич (1828-1910)
Заглавие Война и мир
604 ## - ИМЯ И ЗАГЛАВИЕ КАК ПРЕДМЕТ
Связываемые данные 700#1$aТолстой$bЛ. Н.$f1828 - 1910$gЛев Николавевич
-- 50010$a"Война и мир"$xОбразы$2nlr_sh1$2nlr_sh2$3RU\NLR\AUTH\661092636
Идентификатор авторитетной/нормативной записи RU\NLR\AUTH\661092636
Имя лица Толстой, Лев Николавевич (1828 - 1910)
Заглавие "Война и мир"
Тематический подзаголовок Образы
Системный номер авторитетной/нормативной записи 1776191
686 ## - ИНДЕКСЫ ДРУГИХ КЛАССИФИКАЦИЙ
Индекс Ш5(2=Р)52-4Толстой534
686 ## - ИНДЕКСЫ ДРУГИХ КЛАССИФИКАЦИЙ
Индекс Ш5(2=Р)52-4Толстой54
700 #1 - ИМЯ ЛИЦА - ПЕРВИЧНАЯ ОТВЕТСТВЕННОСТЬ
Начальный элемент ввода Кучин
Часть имени, кроме начального элемента ввода В. Л.
Расширение инициалов личного имени Всеволод Львович
Код отношения Автор
801 #0 - ИСТОЧНИК ЗАПИСИ
Страна Российская Федерация
Организация NLR
Дата составления 20000121
Правила каталогизации PSBO
801 #1 - ИСТОЧНИК ЗАПИСИ
Страна Российская Федерация
Организация NLR
Дата составления 20000121
942 ## - ДОПОЛНИТЕЛЬНЫЕ ЭЛЕМЕНТЫ ЗАПИСИ (АБИС)
Тип экземпляра АБИС Книга
980 ## - КОЛЛЕКЦИЯ
Название коллекции Национальная библиография
Экземпляры
Тип экземпляра Дата поступления Источник поступления Библиотека постоянного хранения Библиотека текущего хранения Место хранения Шифр хранения Штрих-код Статус экземпляра
Книга 21.01.2000 Обязательный экземпляр РНБ (Московский) РНБ (Московский) Русский книжный фонд: издания с 1957 года 99-3/17324 891  
Книга 21.01.2000 Обязательный экземпляр РНБ (Московский) РНБ (Московский) Русский книжный фонд: издания с 1957 года 99-3/17324 892